| 000 -LEADER |
| fixed length control field |
00734nam a22001577a 4500 |
| 003 - CONTROL NUMBER IDENTIFIER |
| control field |
OSt |
| 005 - DATE AND TIME OF LATEST TRANSACTION |
| control field |
20150914085657.0 |
| 008 - FIXED-LENGTH DATA ELEMENTS--GENERAL INFORMATION |
| fixed length control field |
150914b xxu||||| |||| 00| 0 eng d |
| 040 ## - CATALOGING SOURCE |
| Transcribing agency |
RUA |
| 082 ## - DEWEY DECIMAL CLASSIFICATION NUMBER |
| Classification number |
AGR LEA 1996 BOO17 Or1 |
| 100 ## - MAIN ENTRY--PERSONAL NAME |
| 9 (RLIN) |
423 |
| Personal name |
LEANG, VUTHEA |
| 245 ## - TITLE STATEMENT |
| Title |
Study on insect pest problems in rice dey season-1996 at mampongro district svay rieng province, ( សិក្សាអំណីបញ្ហាសត្វល្អតបំផ្លាញស្រូវប្រាំងឆ្នាំ១៩៩៦ ក្នុងលក្ខខ័ណ្ឌស្រុកកំពង់រៅទ៍ ខេត្តស្វាយរៀង). |
| 260 ## - PUBLICATION, DISTRIBUTION, ETC. (IMPRINT) |
| Place of publication, distribution, etc. |
phnom phen |
| Name of publisher, distributor, etc. |
RUA |
| Date of publication, distribution, etc. |
1996 |
| 300 ## - PHYSICAL DESCRIPTION |
| Extent |
91P. |
| Other physical details |
ILL. |
| Dimensions |
29CM. |
| 942 ## - ADDED ENTRY ELEMENTS (KOHA) |
| Source of classification or shelving scheme |
|
| Koha item type |
AGR |